000 00301nam a22001337a 4500
008 181008b xxu||||| |||| 00| 0 eng d
020 _a9780471347743
041 _aeng
080 _22 ed
_a330.722
100 _a62
101 _aknf
245 _aFinancial Accouting
_cGross,p
942 _2udc
_cBK
999 _c49041
_d49041